000 00853nam a2200277 i 4500
003 EG-GICUC
005 20260407201538.0
008 260407s1934 fr |||fr|||| 00| 0 fre d
040 _aEG-GiCUC
_bfre
_cEG-GiCUC
_dEG-GiCUC
_eRda
082 0 4 _221
_a343.81
_bAL . A
092 0 4 _221
099 _aLaw1 10 343.81 AL . A 1934
100 1 _aAllard, Paul
_eAuteur
245 1 2 _aL'anarchie De La Police /
_cPaul Allard.
264 1 _aParis :
_bCalmann-lévy, Éditeurs,
_c1934.
300 _a137 page ;
_c 24 cm.
336 _2rda contenu
_a texte
337 _2rda medias
_aOrdinateur
338 _2 transporteur rda
_a Ressource en ligne
650 1 _aPolice Scientifique
_2qrmak
650 1 _aDroit De Panél
_2qrmak
651 1 _2qrmak
856 4 0 _uhttps://fll.law.cu.edu.eg/fulltext/bks/B10-08960.pdf
905 _a54
942 _2ddc
_cBK
_e21
_n0
999 _c69526
_d69526